Statistiques concernant Ligue des Champions 2022-2023 Groupes

Cliquez ici pour prendre le quiz!

Statistiques générales

  • Ce quiz a été pris 1 111 fois
  • Le résultat moyen est 24 sur 32

Statistiques - réponses

Équipes% Correct
PSG
98%
Bayer Leverkusen
96%
FC Barcelone
95%
Manchester City
94%
Real Madrid
94%
Inter Milan
93%
Liverpool
92%
OM
92%
Juventus
90%
Benfica
89%
Borussia Dortmund
88%
AC Milan
87%
Bayern Munich
86%
Chelsea
86%
Atletico Madrid
83%
Porto
82%
Naples
81%
Tottenham
80%
Sporting CP
75%
Ajax Amsterdam
74%
RB Leipzig
71%
FC Séville
68%
Maccabi Haïfa
68%
Eintracht Francfort
61%
Club Bruges
56%
Viktoria Plzen
48%
Celtic Glasgow
47%
Glasgow Rangers
45%
Chakhtar Donetsk
43%
Copenhague
37%
Dinamo Zagreb
35%
RB Salzbourg
34%

Distribution des résultats

Percentile par nombre de réponses

% des personnes avec chaque résultat

Votre développement - résultats

Vous n’avez pas pris ce quiz